| 000 | 00551nam a22001937a 4500 | ||
|---|---|---|---|
| 005 | 20240909143612.0 | ||
| 008 | 240909b |||||||| |||| 00| 0 eng d | ||
| 020 | _a9780470813447 | ||
| 082 |
_a658.403 BEN-I _bBEN-I |
||
| 100 | _aBenson, Steve | ||
| 245 |
_aInformation Systems : _bA Business Approach and eBook / _cCeraig Standing |
||
| 250 | _a3rd ed. | ||
| 260 |
_aUSA: _bWiley; _c2024 . |
||
| 300 |
_axiv, 384 p. : _bill; _c24 cm. |
||
| 500 | _ainclude index. | ||
| 650 | _aInformation technology | ||
| 700 | _aCeraig Standing | ||
| 999 |
_c36552 _d36552 |
||